Juan Gatti Photographics : (Record no. 136817)

MARC details
000 -LEADER
campo de control de longitud fija 01235nam a2200301 i 4500
001 - NÚMERO DE CONTROL
campo de control 136817
003 - IDENTIFICADOR DE NÚMERO DE CONTROL
campo de control ES-MaACL
005 - FECHA Y HORA DE LA ÚLTIMA TRANSACCIÓN
campo de control 20240112171305.0
007 - CAMPO FIJO DE DESCRIPCIÓN FÍSICA--INFORMACIÓN GENERAL
campo de control de longitud fija t|
008 - DATOS DE LONGITUD FIJA--INFORMACIÓN GENERAL
campo de control de longitud fija 070214s2011 sp co a00|10 spa d
020 ## - NÚMERO INTERNACIONAL ESTÁNDAR DEL LIBRO
Número Internacional Estándar del Libro 978-84-15303-48-0
080 ## - NÚMERO DE LA CLASIFICACIÓN DECIMAL UNIVERSAL
Número de la Clasificación Decimal Universal 77 Gatti, Juan (083.824)
100 1# - ENTRADA PRINCIPAL--NOMBRE DE PERSONA
Nombre de persona Gatti, Juan (
Fechas asociadas al nombre 1950-)
9 (RLIN) 173146
245 10 - MENCIÓN DEL TÍTULO
Título Juan Gatti Photographics :
Resto del título [exposición en la Sala Canal de Isabel II, Madrid, 24 de noviembre-19 de febrero 2012] /
Mención de responsabilidad, etc. Juan Gatti ; [comisario, Rafael Doctor Roncero ; patrocinador, Purificación García ; 1000 palabras, Luis Venegas].
246 3# - FORMA VARIANTE DEL TITULO
Título propio/Titulo breve Photographics
260 ## - PUBLICACIÓN, DISTRIBUCIÓN, ETC.
Lugar de publicación, distribución, etc. Madrid :
Nombre del editor, distribuidor, etc. La Fábrica,
Fecha de publicación, distribución, etc. [2011]
300 ## - DESCRIPCIÓN FÍSICA
Extensión [13] p., [263] p. de lám. col. y n. ;
Dimensiones 32 cm.
546 ## - NOTA DE IDIOMA
Nota de lengua/lenguaje Texto en español e inglés.
600 14 - PUNTO DE ACCESO ADICIONAL DE MATERIA--NOMBRE DE PERSONA
Nombre de persona Gatti, Juan (
Fechas asociadas al nombre 1950)-
Subdivisión de forma Exposiciones.
9 (RLIN) 173147
650 #4 - PUNTO DE ACCESO ADICIONAL DE MATERIA--TÉRMINO DE MATERIA
Término de materia o nombre geográfico como elemento de entrada Fotografía-
Subdivisión cronológica S.XX-
Subdivisión de forma Exposiciones.
9 (RLIN) 173150
655 #7 - TERMINO DE INDIZACIÓN--GENERO/FORMA
Fuente del término tgfbne
9 (RLIN) 193628
Datos o término principal de género/forma Catálogos de exposiciones
700 1# - ENTRADA AGREGADA--NOMBRE PERSONAL
Nombre de persona Doctor Roncero, Rafael.
9 (RLIN) 44961
700 1# - ENTRADA AGREGADA--NOMBRE PERSONAL
Nombre de persona Venegas, Luis.
9 (RLIN) 173148
710 2# - ENTRADA AGREGADA--NOMBRE DE ENTIDAD CORPORATIVA
Nombre de entidad corporativa o nombre de jurisdicción como elemento de entrada Sala Canal de Isabel II.
9 (RLIN) 173149
852 4# - LOCALIZACIÓN
Ubicación ES-MaACL
Número de control de estantería A-14702
itemnumber 141758
Sublocalización o colección R.151969
Ubicación en estantería Depósito 1
Signatura antigua Olim: N-7702
Donativo/Legado Donación: Editorial
942 ## - ELEMENTOS DE ENTRADA SECUNDARIOS (KOHA)
Fuente del sistema de clasificación o colocación Clasificación decimal universal
Tipo de ítem Koha Libro impreso
Holdings
Estatus retirado Estado de pérdida Fuente del sistema de clasificación o colocación Estado de daño No para préstamo Biblioteca de origen Biblioteca actual Ubicación en estantería Fecha de adquisición Fuente de adquisición Total de préstamos Signatura topográfica completa Código de barras Visto por última vez Precio de reemplazo Tipo de ítem Koha
    Clasificación decimal universal     Biblioteca del Ateneo de Madrid Biblioteca del Ateneo de Madrid Depósito 1 10/08/2021 Donación   A-14702 1202613 23/02/2023 23/02/2023 Libro impreso